Oxford University Colleges - Statistics

General Stats
  • This quiz has been taken 2,273 times
  • The average score is 23 of 44
Answer Stats
Answer % Correct
Christ Church
80%
Magdalen
80%
Balliol
79%
Jesus
78%
St John's
75%
Trinity
74%
New
71%
Queen's
71%
Brasenose
69%
University
69%
Corpus Christi
68%
Merton
63%
Oriel
63%
St Catherine's
63%
Exeter
61%
Worcester
61%
Keble
60%
Pembroke
59%
St Anne's
59%
St Hilda's
59%
Lincoln
58%
All Soul's
57%
Wadham
57%
Lady Margaret Hall
56%
St Hugh's
54%
St Peter's
54%
Hertford
50%
Somerville
48%
St Edmund's Hall
47%
Mansfield
43%
Harris Manchester
42%
Wolfson
38%
Kellogg
37%
St Antony's
37%
Linacre
36%
Green Templeton
34%
Nuffield
34%
Blackfriars
33%
Regent's Park
33%
St Cross
32%
St Benet's
29%
Wycliffe
28%
Campion
20%
St Stephen's House
19%
No matching quizzes found
Score Distribution
Percent of People with Each Score
Percentile by Number Answered
Your Score History
You have not taken this quiz